Justicia transicional (Registro nro. 319692)

Detalles MARC
000 -ENCABEZADO
Número de control [NR] 00588nam a22001457a 4500
005 - FECHA Y HORA DE LA ÚLTIMA TRANSACCIÓN
control field 20210915131812.0
008 - DE LONGITUD FIJA DE DATOS DE ELEMENTOS - INFORMACIÓN GENERAL
Elementos de longitud fija [NR] 210910b ||||| |||| 00| 0 eng d
082 04 - NUMERO DE CLASIFICACION DECIMAL DEWEY [R]
Número de clasificación [R] 341.66
Número de la edición [NR] 20
100 ## - ASIENTO PRINCIPAL--NOMBRE PERSONAL [NR]
Nombre personal [NR] Ministerio del Interior y de Justicia
ID Autoridad 104494
245 ## - MENCION DE TITULO [NR]
Título [NR] Justicia transicional
Parte restante del título [NR] 5 años de ley de justicia y paz. Balance interinstitucional
260 ## - PUBLICACION, DISTRIBUCION, ETC. (PIE DE IMPRENTA) [R]
Lugar de publicación, distribución, etc. [R] Bogotá
Nombre del editor, distribuidor, etc. [R] Ministerio del Interior y de Justicia
Fecha de publicación, distribución, etc. [R] [fecha no identificada]
650 #7 - ASIENTO SECUNDARIO DE MATERIA - TERMINO TEMATICO [R]
Término temático o nombre geográfico como elemento de entrada [NR] Administración de justicia
Subdivisión geográfica [R] Colombia
9 (RLIN) 34123
650 #7 - ASIENTO SECUNDARIO DE MATERIA - TERMINO TEMATICO [R]
Término temático o nombre geográfico como elemento de entrada [NR] Paz
Subdivisión geográfica [R] Colombia
9 (RLIN) 21206
942 ## - ELEMENTOS DE ENTRADA AGREGADOS (KOHA)
Sistema de clasificación DEWEY
Tema principal Derecho
Tipo de ítem principal el descrito en 300a Libro
Edición 1
Clasificación 341.66
Parte restante de la signatura top. M665j
Título oculto en OPAC No
999 ## -
-- 319692
-- 319692
Existencias
Signatura topográfica Código de barras Última vez visto Ejemplar Costo de reposición Price effective from Tipo de ítem Perdido Sistema de clasificación Dañado No prestable Tipo de ítem específico Suprimido Ubicación habitual Ubicación actual Localización Fecha de creación Forma de adquisición Costo
341.66 M665j 100168038 04/12/2025 Ej.1 26000.00 10/09/2021 Libro   DEWEY     Libro   Claustro Claustro 3er piso 10/09/2021 Donación 0.00